| 000 | 02743cam a22003255a 4500 | ||
|---|---|---|---|
| 001 | 17887654 | ||
| 003 | EG-ScBUE | ||
| 005 | 20220427102818.0 | ||
| 008 | 130916s2014 enka f b 001 0 eng d | ||
| 020 | _a9781441110589 | ||
| 040 |
_aDLC _beng _erda _cDLC _dEG-ScBUE |
||
| 082 | 0 | 4 |
_222 _a415.5 _bBAK |
| 100 | 1 |
_940993 _aBaker, Paul, _d1972- _eauthor. |
|
| 245 | 1 | 0 |
_aUsing corpora to analyze gender / _cPaul Baker. |
| 264 | 1 |
_aLondon ; _aNew York : _bBloomsbury, _c2014. |
|
| 300 |
_a228 pages : _billustrations ; _c24 cm |
||
| 336 |
_2rdacontent _atext _btxt |
||
| 337 |
_2rdamedia _aunmediated _bn |
||
| 338 |
_2rdacarrier _avolume _bnc |
||
| 504 | _aIncludes bibliographical references and index. | ||
| 505 | 0 | _a1. Introduction -- 2. Gender difference redux: Do women say "lovely" more than men? -- 3. Nope, good guess though: How do female academics signal disagreement? -- Male bias and change over time: Where are all the spokeswomen? -- Discourse prosodies and legitimation strategies: Revisiting the Daily Mail's representations of gay men -- What are boys and girls made of? Using Sketch Engine to analyse collocational patterns -- Triangulating methods: What can personal ads on Craigslist reveal about gender? | |
| 520 | _aCorpus linguistics uses specialist software to identify linguistic patterns in large computerised collections of text - patterns which then must be interpreted and explained by human researchers. This book critically explores how corpus linguistics techniques can help analysis of language and gender by conducting a number of case studies on topics which include: directives in spoken conversations, changes in sexist and non-sexist language use over time, personal adverts, press representation of gay men, and the ways that boys and girls are constructed through language. The book thus covers both gendered usage (e.g. how do males and females use language differently, or not, from each other), and gendered representations (e.g. in what ways are males and females written or spoken about). Additionally, the book shows ways that readers can either explore their own hypotheses, or approach the corpus from a "nai;ve" position, letting the data drive their analysis from the outset. The book covers a range of techniques and measures including frequencies, keywords, collocations, dispersion, word sketches, downsizing and triangulation, all in an accessible style. | ||
| 650 | 7 |
_aGrammar, Comparative and general _xGender. _2BUEsh _940990 |
|
| 650 | 7 |
_aLanguage and languages _xSex differences. _2BUEsh _940991 |
|
| 650 | 7 |
_aCorpora (Linguistics). _2BUEsh _940992 |
|
| 651 | _2BUEsh | ||
| 653 |
_bHHUUEENN _cAugust 2016 |
||
| 655 |
_vReading book _934232 |
||
| 942 |
_2ddc _e22 _k415.5 BAK _cBB |
||
| 999 |
_c22288 _d22260 |
||